000 01065nam2a22002531 4500
001 RU\NLR\INFOCOMM55\1000061965
005 20250617122049.0
035 _a(NLR Aleph) 002598141
090 _a3419396
_c3419396
100 _a20040617d1881 |||y0rusy50 ca
101 0 _arus
102 _aRU
105 _ay |||||||||
200 1 _aМонастыри на Ладожском и Кубенском озере
_fП.П. Вяземский
210 _d1881
_aБ. м.
461 0 _1001RU\NLR\INFOCOMM55\1000061955
_12001#$aПамятники древней письменности$fОЛДП [О-во любителей древней письменности]$v1881, 1[10]
_93419318
_cСПб.
_d1878-1925
_fОЛДП [О-во любителей древней письменности]
_tПамятники древней письменности
_v1881, 1[10]
700 1 _aВяземский
_bП.П.
_4070
801 1 _aRU
_bInfoComm
_c20040617
801 0 _aRU
_bNLR
_gPSBO
852 _aNLR
_j18.345.1.1
942 _cISSUE
980 _aNB
980 _aRUSPER